000 00751nam a2200217 i 4500
001 87751
003 ES-MaACL
005 20251009170800.0
007 t|
008 041223s1973 sp ||||1| spa d
100 1 _aKuper, Adam.
_969045
245 1 0 _aAntropología y antropólogos
_b: la escuela británica, 1922-1972 /
_cAdam Kuper ; [traducción Antonio Desmonts ; revisión, José R. Llobera].
260 _aBarcelona :
_bAnagrama,
_c[1973]
300 _a281 p. ;
_c24 cm.
490 1 _aBiblioteca Anagrama de antropología
700 1 _aDesmonts, Antonio,
_d1942-
_9160311
700 1 _aLlobera, José R.
_972796
830 0 _aBiblioteca Anagrama de antropología
_9180934
852 _aES-MaACL
_jE-8326
_bR.92656
999 _c87751
_d87751